Statistics for Countries Bob Marley visited

Click here to take the quiz!

General Stats

  • This quiz has been taken 93 times
  • The average score is 16 of 22

Answer Stats

ContinentCountry% Correct
North AmericaUnited States of America
96%
OceaniaAustralia
94%
North AmericaCanada
94%
EuropeUnited Kingdom
93%
EuropeFrance
87%
EuropeGermany
83%
North AmericaJamaica
83%
OceaniaNew Zealand
81%
EuropeSpain
77%
EuropeBelgium
74%
EuropeItaly
74%
EuropeSweden
72%
AsiaJapan
71%
EuropeDenmark
68%
Europethe Netherlands
67%
EuropeIreland
65%
EuropeNorway
65%
North Americathe Bahamas
59%
EuropeSwitzerland
58%
North AmericaTrinidad and Tobago
36%
AfricaGabon
28%
AfricaIvory Coast
26%

Score Distribution

Percentile by Number Answered

Percent of People with Each Score

Your Score History

You have not taken this quiz